00925nam a22002537a 45000010005000000030006000050050017000110080041000280200018000690400029000870500017001160820008001331000030001412450037001712500041002082600032002493000023002815050007003045200260003115210018005715210018005896500026006076500038006336064FISKH20250305091623.0250305b cb ||||| |||| 00| 0 eng d a9780689842313 aFISKHbengcFISKHdFISKH aPZ7.D78325 D a523 aM.Draper, Sharond(1952-) aDouble dutch /cM.Draper, Sharon aThis edition first published in 2004 aNew York :bAladdin,c2002. a183 pages :c20 cm aR  aThree eighth-grade friends, preparing for the International Double Dutch Championship jump rope competition in their home town of Cincinnati, Ohio, cope with Randy's missing father, Delia's inability to read, and Yo Yo's encounter with the class bullies. 8 a760 bLexile 8 aR bRaz-Plus  2CincinnatiaJump rope 2Teen fictionaYoung adult fiction